000 00685nam a2200229Ia 4500
003 GCL
008 140319s9999 xx 000 0 ara d
040 _aGCL /
_cGCL
082 0 4 _a361.55
_bل خ
100 1 _aحسنى زينة
245 1 0 _aخرافات عن الجوع فى العالم /
_cحسنى زينة
700 1 _aلابه، فرنسيس
700 1 _aكولنز , جوزيف
300 _a88 ص
490 _aالهيئة العامة للاستعلامات
_v0
650 0 4 _aالجوع
650 0 4 _aالانتاج الزراعى
650 0 4 _aالفقر
650 0 4 _aالامن الغذائى
650 0 4 _aالمعونة الغذائية
942 _2ddc
_cBK
999 _c50578
_d50578